Estadísticas para Países que Limitan con Polonia

Haz click aquí para tomar la prueba!

Estadísticas generales

  • Esta prueba ha sido tomada 1,464 veces
  • La puntuación promedio es 6 de 7

Estadísticas de respuestas

Longitud País % Correcto
467 kmAlemania
99%
796 kmRepública Checa
92%
418 kmBielorrusia
92%
104 kmLituania
92%
541 kmEslovaquia
90%
210 kmRusia (Kaliningrado)
90%
535 kmUcrania
88%

Distribución de puntuación

Porcentaje por número respondido

Porcentaje de gente con cada puntuación

Historial de tus puntuaciones

No has tomado esta prueba